| 000 | 01237 a2200325 4500 | ||
|---|---|---|---|
| 999 |
_c11342 _d11342 |
||
| 020 | _a9780323614108 | ||
| 020 | _a0033-8389 | ||
| 050 |
_aRC280 _bIMA 2018 |
||
| 245 |
_aImaging of the small bowel and colorectum : _bRadiologic clinics of North America / _cedited by Judy Lee; Frank H. Miller (consulting editor) |
||
| 264 |
_aPhiladelphia : _bElsevier, _c2018 |
||
| 300 |
_axiv, 649-845 pages : _billustrations |
||
| 336 |
_2rdacontent _atext _btxt |
||
| 337 |
_2rdamedia _aunmediated _bn |
||
| 338 |
_2rdacarrier _avolume _bnc |
||
| 440 | _aClinics Review Articles | ||
| 500 | _avolumes : illustrations ; 26 cm Three times a year, Apr. 1963- Quarterly, <Mar. 1981->-Dec. 1986 Each issue also has a distinctive title. Publishers varies. | ||
| 504 | _aIncludes bibliographical references | ||
| 505 | _a. | ||
| 520 | _a. | ||
| 650 |
_aRadiography, Medical _xPeriodicals. |
||
| 650 |
_aRadiotherapy _xPeriodicals. |
||
| 650 | _aRadiology. | ||
| 650 |
_aMedical radiology _xPeriodicals. |
||
| 650 | _aGastrointestinal Diseases -- diagnosis | ||
| 650 |
_aSmall bowel and Colorectum _xImaging |
||
| 650 | _aStomach | ||
| 700 |
_aYee, Judy _eeditor |
||
| 700 |
_aMiller, Frank H. _eeditor |
||
| 942 |
_2lcc _cBK _h280 _iIMA _kRC |
||